000 00593 a2200157 4500
020 _a0-471-28639-7
082 _a004.36
100 _aKornel Terplan
245 _aApplications for distributed systems and network management
_cKornel Terplan
260 _aNew York :
_bJohn Wiley & Sons Inc.,
_c c1997.
300 _ax, 390 p. :
_b ill. ;
_c24 cm.
500 _aIncludes bibliographical references and index
650 _a1.Electronic data processing--Distributed processing.2.Client/server computing. 3.Computer networks--Management.
700 _aJill Huntington-Lee
942 _cBK
_k004.36 TER
999 _c5341
_d5341